|
|
|
|
| LEADER |
00000nam a2200000 i 4500 |
| 001 |
MUNDIPRENSA_12418 |
| 003 |
CO-BoDC |
| 005 |
20230608160349.0 |
| 006 |
m o d |
| 007 |
cr cnu---unuuu |
| 008 |
s2014 sp a fo 001 0 spa d |
| 020 |
|
|
|a 9788476662997 (papel)
|
| 020 |
|
|
|a 9788484766629 (electrónico)
|
| 024 |
7 |
|
|c 12418
|2 Identificador Ebook7-24
|
| 035 |
|
|
|a (Co-BoDC)12418
|
| 040 |
|
|
|a Co-BoDC
|b spa
|e rda
|
| 082 |
0 |
4 |
|a 634.04
|b G463
|2 22
|
| 100 |
1 |
|
|a Gil-Albert Velarde, Fernando
|e autor
|
| 245 |
1 |
0 |
|a Tratado de arboricultura frutal. Volumen IV: técnicas de mantenimiento del suelo en plantaciones frutales /
|c Fernando Gil-Albert Velarde
|
| 250 |
|
|
|a 3a. edición
|
| 264 |
|
1 |
|a Madrid
|b Ediciones Mundi-Prensa
|c 2014
|
| 264 |
|
4 |
|c ©2014
|
| 300 |
|
|
|a 1 recurso en línea (109 páginas):
|b ilustraciones
|
| 336 |
|
|
|a texto
|b txt
|2 rdacontent/spa
|
| 337 |
|
|
|a computador
|b c
|2 rdamedia/spa
|
| 338 |
|
|
|a recurso en linea
|b cr
|2 rdacarrier/spa
|
| 347 |
|
|
|a texto
|b PDF
|2 rda/spa
|
| 504 |
|
|
|a Incluye referencias bibliográficas
|
| 505 |
0 |
|
|t 1. Las técnicas de cultivo en fruticultura --
|t 2. Mantenimiento del suelo mediante labores de cultivo (laboreo) --
|t 3. Mantenimiento del suelo conherbicidas (no cultivo) --
|t 4. Mantenimiento del suelo mediante "mulching" --
|t 5. Las cubiertas vegetales --
|t 6. Técnicas mixtas de mantenimiento --
|t 7. Operaciones ocasionales de mantenimiento --
|t 8. Elección de la técnica de mantenimiento
|
| 506 |
|
|
|a Acceso en línea, autorizado para usuarios eBooks 7-24
|
| 520 |
1 |
|
|a Presentamos en esta ocasión la 3 edición del volumen IV del tratado de arboricultura frutal, dedicado a las "Técnicas de mantenimiento del suelo en plantaciones frutales" y que junto con el Volumen III dedicado a las "Técnicas de plantación" y con el Volumen V sobre las "Técnicas de poda" forman un conjunto que debe cubrir gran parte de los contenidos referentes al cultivo en general de las especies frutales. Las anteriores ediciones (la 1 edición, presentada en 1997 y la 2 en 2003), han cubierto un largo período de más de 15 años; y ahora con esta nueva queremos actualizar las necesidades bibliógrafas de los estudiantes y de todos aquellos profesionales y accionados que por una u otra causa están relacionados con el mundo frutícola.
|
| 588 |
0 |
|
|a Versión impresa
|
| 650 |
1 |
4 |
|a Arboricultura frutícola
|
| 650 |
1 |
4 |
|a Fruticultura
|
| 650 |
1 |
4 |
|a Árboles frutales
|
| 856 |
4 |
0 |
|u https://ebooks724.uam.elogim.com:443/?il=12418
|z Texto completo
|